Statistics for Recent Geographic Name Changes

Click here to take the quiz!

General Stats

  • This quiz has been taken 48 times
  • The average score is 6 of 16

Answer Stats

YearOld NameNew Name% Correct
2016Czech RepublicCzechia
98%
2018SwazilandEswatini
93%
2019MacedoniaNorth Macedonia
93%
2015Mount McKinleyDenali
86%
2019AstanaNur-Sultan
84%
2020State of Rhode Island and Providence PlantationsState of Rhode Island
47%
2017Nagorno-Karabakh RepublicRepublic of Artsakh
33%
2018ChittagongChattogram
21%
2021Port ElizabethGqeberha
16%
2016BarrowUtqiagvik
14%
2016QueenstownKomani
12%
2018GrahamstownMakhanda
12%
2021King William's TownQonce
12%
2021Anû Kathâ Îpa
9%
2016Harney PeakBlack Elk Peak
9%
2021UitenhageKariega
9%

Score Distribution

Percentile by Number Answered

Percent of People with Each Score

Your Score History

You have not taken this quiz